00319nam a22000857a 4500008004100000010001500041245011500056260002300171500003900194150622b xxu||||| |||| 00| 0 eng d 8HCCRSF:006 aHIGH COURT CRIMINAL SESSION NO.22 of 1970 Uganda Vs 1.G.Ofodi 2. Wadidi s/o Walunduti 3. Y. saddar and other 9 aHigh Court Kampala 3Before: The Hon Mr.Justice Wambuzi